महापुरुषों के प्रेरक प्रसंग / (Record no. 115312)

MARC details
000 -LEADER
fixed length control field 01261nam a22002657a 4500
005 - DATE AND TIME OF LATEST TRANSACTION
control field 20170124103022.0
010 ## - LIBRARY OF CONGRESS CONTROL NUMBER
LC control number B-112750
020 ## - INTERNATIONAL STANDARD BOOK NUMBER
Terms of availability 65.00
International Standard Book Number 8123011083
035 ## - SYSTEM CONTROL NUMBER
System control number B-112750
037 ## - SOURCE OF ACQUISITION
Source of stock number/acquisition Cen Lib/Ret
040 ## - CATALOGING SOURCE
Original cataloging agency DPL
Language of cataloging HN
082 ## - DEWEY DECIMAL CLASSIFICATION NUMBER
Classification number
Item number मूर्तिआ
100 ## - MAIN ENTRY--PERSONAL NAME
Personal name मूर्ति, आर. के
9 (RLIN) 143234
245 ## - TITLE STATEMENT
Title महापुरुषों के प्रेरक प्रसंग /
Statement of responsibility, etc आर. के मूर्ति ; अनुवादक राधानाथ चतुर्वेदी
246 ## - VARYING FORM OF TITLE
Title proper/short title Mahapurshon ke prerak prasang /
Remainder of title by R. K. Murti ; anuwadak Radhanath Chaturvedi
260 ## - PUBLICATION, DISTRIBUTION, ETC. (IMPRINT)
Place of publication, distribution, etc नई दिल्ली
Name of publisher, distributor, etc प्रकाशन विभाग
Date of publication, distribution, etc 2003
270 ## - ADDRESS
Address पटियाला हाउस
City नई दिल्ली
Postal code 110001
300 ## - PHYSICAL DESCRIPTION
Extent 175पृ.
Dimensions 21सेमी (सजिल्द )
650 ## - SUBJECT ADDED ENTRY--TOPICAL TERM
Topical term or geographic name as entry element हिंदी साहित्य
General subdivision
Geographic subdivision
9 (RLIN) 143235
650 ## - SUBJECT ADDED ENTRY--TOPICAL TERM
Topical term or geographic name as entry element हिंदी साहित्य--लघु कथाएँ
Form subdivision
9 (RLIN) 143236
650 ## - SUBJECT ADDED ENTRY--TOPICAL TERM
Topical term or geographic name as entry element Hindi literature
9 (RLIN) 143237
650 ## - SUBJECT ADDED ENTRY--TOPICAL TERM
Topical term or geographic name as entry element Hindi literature--Short Stories
9 (RLIN) 143238
700 ## - ADDED ENTRY--PERSONAL NAME
Personal name चतुर्वेदी, राधानाथ
9 (RLIN) 42542
942 ## - ADDED ENTRY ELEMENTS (KOHA)
Source of classification or shelving scheme Dewey Decimal Classification
Koha item type Hindi Books
Classification part
Call number suffix मूर्तिआ
Holdings
Withdrawn status Lost status Damaged status Not for loan Home library Current library Date acquired Source of acquisition Cost, normal purchase price Total Checkouts Full call number Barcode Date last seen Copy number Cost, replacement price Price effective from Koha item type
        Central Library Central Library 20/08/2015 Cen Lib/Ret 65.00   क मूर्तिआ B-112750 20/08/2015 1 65.00 20/08/2015 Hindi Books

© Delhi Public Library
Hit Counter
free hit counter